Pratique de l' assembleur I80x86 /

Représentation de l' information. Opérations dans N et dans Z. Opérations de l' algèbre de Boole. Programmation structuréee en assembleur. Types de données complexes. Procédures récursives...

Saved in:
Bibliographic Details
Main Author: Pissaloux, Edwige.
Format: Book
Language:French
Published: Paris : Hermes, 1994.
Subjects:
Tags: Add Tag
No Tags, Be the first to tag this record!
Institutions: Mạng thư viện Đại học Đà Nẵng
LEADER 01105cam a2200373 i 4500
001 000044244
003 2596
005 20030220150523.0
008 010307|1994 vm 000 fre
020 |a 2866014375 
022 |a T 
040 |a IRC  |c IRC  |d IRC 
041 0 |a fre 
082 1 4 |a 005.4  |b PI-E 
100 1 |a Pissaloux, Edwige. 
245 0 0 |a Pratique de l' assembleur I80x86 /  |c Edwige Pissaloux. 
260 |a Paris :  |b Hermes,  |c 1994. 
300 |a 287p. ;  |c 23cm. 
520 3 |a Représentation de l' information. Opérations dans N et dans Z. Opérations de l' algèbre de Boole. Programmation structuréee en assembleur. Types de données complexes. Procédures récursives... 
630 0 4 |a Computer. 
630 0 4 |a Assembleur I80x86. 
630 0 4 |a Pratique. 
630 0 4 |a Programme Informatique. 
650 0 4 |a Assembleur  |x Programme computeur. 
OWN |a DUT 
999 |a From the UDN01 
TYP |a Monograph 
TYP |a Printed language 
980 |a Mạng thư viện Đại học Đà Nẵng